|
|
|
|
| LEADER |
01268nam a22003374a 4500 |
| 001 |
30066 |
| 003 |
BD-DhAAL |
| 005 |
20151103100909.0 |
| 008 |
151103s2012 maua b 001 0 eng |
| 010 |
|
|
|a 2011022433
|
| 020 |
|
|
|a 9780321818751
|
| 020 |
|
|
|a 0321780655
|
| 020 |
|
|
|a 9780321780652
|
| 020 |
|
|
|a 032181875X
|
| 035 |
|
|
|a (OCoLC)ocn732967769
|
| 040 |
|
|
|a DLC
|c DLC
|d YDX
|d YDXCP
|d BWX
|d CDX
|d BDX
|d DLC
|d BD-DhAAL
|
| 042 |
|
|
|a pcc
|
| 050 |
0 |
0 |
|a QA433
|b .C635 2012
|
| 082 |
0 |
0 |
|a 515.63
|2 23
|
| 100 |
1 |
|
|a Colley, Susan Jane.
|9 15946
|
| 245 |
1 |
0 |
|a Vector calculus /
|c Susan Jane Colley.
|
| 250 |
|
|
|a 4th ed.
|
| 260 |
|
|
|a Boston :
|b Pearson,
|c c2012.
|
| 300 |
|
|
|a xvii, 603 p. :
|b ill. ;
|c 27 cm.
|
| 504 |
|
|
|a Includes bibliographical references and index.
|
| 541 |
|
|
|e 30066
|
| 650 |
|
0 |
|a Vector analysis.
|9 1411
|
| 942 |
|
|
|2 ddc
|c BK
|
| 999 |
|
|
|c 36020
|d 36020
|
| 952 |
|
|
|0 0
|1 0
|2 ddc
|4 0
|6 515_630000000000000_COL
|7 0
|9 56591
|a BRACUL
|b BRACUL
|c GEN
|d 2015-11-03
|e Trim Education
|g 7959.00
|l 3
|m 70
|o 515.63 COL
|p 3010030066
|q 2022-11-15
|r 2022-10-30
|s 2022-10-30
|t 1
|w 2015-11-03
|y BK
|
| 952 |
|
|
|0 0
|1 0
|2 ddc
|4 0
|6 515_630000000000000_COL
|7 0
|9 56592
|a BRACUL
|b BRACUL
|c GEN
|d 2015-11-03
|e Trim Education
|g 7959.00
|l 17
|m 119
|o 515.63 COL
|p 3010030067
|r 2026-02-17
|s 2025-10-23
|t 2
|w 2015-11-03
|y BK
|